[Event "40th Eastman Open Ghent"]
[Site "Ghent"]
[Date "2017.07.18"]
[Round "7"]
[White "Van Mechelen, Jan"]
[Black "Ward, Chris G"]
[Result "1-0"]
[WhiteElo "2247"]
[BlackElo "2441"]
[Annotator "TA"]
[PlyCount "83"]
[EventDate "2017.??.??"]
[EventType "swiss"]
[EventCountry "BEL"]
[SourceTitle "playchess.com"]
[Source "ChessBase"]
[SourceQuality "1"]

{[%evp 24,83,36,31,31,13,19,9,4,-3,55,54,66,54,57,59,174,160,164,177,229,231,214,190,193,114,178,119,175,178,176,172,171,172,191,48,78,61,195,186,183,177,168,72,248,279,287,271,285,280,553,553,541,541,509,466,992,982,883,953,930,909]} 1. d4 Nf6 2. Bf4 e6 3. Nf3 c5 4. e3 cxd4 5. exd4 b6 6. c3 Bb7 7. Bd3 Be7 8. Nbd2 O-O 9. h3 d6 10. O-O Nbd7 {A47: 1 d4 Nf6 2 Nf3 b6: Torre, London and Colle Systems} 11. a4 (11. Re1 Re8 12. Bh2 a6 13. a4 Nf8 14. Ng5 Qd7 15. Qe2 Bc6 16. Bxa6 Bxa4 17. Bd3 Bc6 18. Nc4 {1-0 (82) Giri,A (2755)-Tomashevsky,E (2731) Moscow 2016}) 11... a6 12. Qe2 Re8 13. Bh2 {LiveBook: 4 Games} Nf8 14. Rfe1 Nd5 15. Ne4 Qd7 16. h4 $146 {[%cal Bh3h4,Bh4h5][%mdl 32]} ({Predecessor:} 16. Qd2 b5 17. axb5 axb5 18. Ng3 Bc6 19. Rxa8 Rxa8 20. b3 Bd8 {0-1 (39) Riis,J (2223)-Hedman,E (2438) Sweden 2002}) 16... f5 (16... Ng6 $11) 17. Ned2 $14 {[%cal Be4d2,Bd2c4,Bc4b6][%mdl 32]} h6 18. h5 Nf6 19. Nc4 Qc6 (19... Nd5 $14) 20. a5 $18 b5 21. Nb6 Rad8 (21... Nd5 $142) 22. c4 {[%cal Rc4b5]} b4 {[#]} 23. d5 $1 {[%mdl 512]} Qc5 (23... exd5 24. Nd4) 24. dxe6 ({White should play} 24. Nd2 $1 $18) 24... Be4 (24... Ne4 $16) 25. Bxe4 (25. Nd2 $1 $18) 25... fxe4 (25... Nxe4 $16 {is a better defense.} 26. Nd2 Bf6) 26. Nd2 Nxe6 27. Nxe4 Nxe4 28. Qxe4 Bf6 29. Qd5 ({White has to play} 29. Qg6 $18) 29... Qxd5 30. cxd5 Nc5 (30... Nc7 $1 $14) 31. Rxe8+ Rxe8 32. Bxd6 Nd3 33. Bg3 (33. Bc7 $18) 33... Bxb2 $2 {[#]} (33... Nxb2 $16 {might work better.} 34. d6 Re4) 34. Rd1 $1 {[%cal Rd1d3]} Nc5 {[#]} 35. Bd6 $1 {[%cal Rd6c5]} Ne4 36. Bxb4 Bf6 $2 (36... Bc3) 37. d6 {[%cal Bd5d6,Bd6d7][%mdl 32] White is clearly winning.} Kf7 38. d7 Rd8 39. Rd3 Ke6 (39... Rb8 $142 40. g4 Bd8) 40. Re3 Kf5 {[#]} 41. g4+ $1 Kf4 (41... Kxg4 42. Rxe4+) 42. Nd5+ {Precision: White = 46%, Black = 27%.} 1-0

[Event "40th Eastman Open Ghent"]
[Site "Ghent"]
[Date "2017.07.18"]
[Round "7"]
[White "Sadkowski, Daniel"]
[Black "van der Valk, Niklas"]
[Result "1-0"]
[WhiteElo "2243"]
[BlackElo "2172"]
[Annotator "NA"]
[PlyCount "137"]
[EventDate "2017.??.??"]
[EventType "swiss"]
[EventCountry "BEL"]
[SourceTitle "playchess.com"]
[Source "ChessBase"]
[SourceQuality "1"]
[TimeControl "7200"]

1. d4 {[%emt 0:00:03]} Nf6 {[%emt 0:00:09]} 2. c4 {[%emt 0:00:06]} e6 {[%emt 0:00:04]} 3. g3 {[%emt 0:00:07]} Bb4+ {[%emt 0:01:37]} 4. Bd2 {[%emt 0:00:09]} a5 {[%emt 0:00:40]} 5. Bg2 {[%emt 0:00:38]} Nc6 {[%emt 0:04:22]} 6. Nf3 {[%emt 0:02:48]} d5 {[%emt 0:06:20]} 7. O-O {[%emt 0:10:28]} O-O {[%emt 0:01:06] LiveBook: 19 Games} 8. Qc2 {[%emt 0:04:05]} Bd7 {[%emt 0:13:37]} 9. Bf4 {[%emt 0:06:29]} dxc4 {[%emt 0:10:06]} 10. Qxc4 {[%emt 0:00:19]} Nd5 {[%emt 0:03:12]} 11. Bg5 {[%emt 0:03:55]} f6 {[%emt 0:05:01]} 12. Bd2 {[%emt 0:05:26]} Na7 {[%emt 0:09:47]} (12... Nb6 $11 13. Qb3 a4) 13. Re1 {[%emt 0:06:02]} Qe7 {[%emt 0:13:03]} 14. a3 $16 {[%emt 0:05:30]} Bxd2 {[%emt 0:05:08]} 15. Nbxd2 {[%emt 0:00:10]} Bb5 {[%emt 0:02:16]} 16. Qc2 {[%emt 0:00:16]} Nb6 {[%emt 0:03:23]} 17. Rac1 {[%emt 0:02:06]} c6 {[%emt 0:03:52]} 18. Ne4 {[%emt 0:15:41]} Nd7 {[%emt 0:04:56]} 19. Qd2 {[%emt 0:00:25]} b6 {[%emt 0:01:16]} 20. Qf4 {[%emt 0:01:01]} Ba6 {[%emt 0:02:41]} 21. Qd6 {[%emt 0:04:12]} Qxd6 {[%emt 0:05:24]} 22. Nxd6 {[%emt 0:00:05]} Nc8 {[%emt 0:03:16]} 23. Nxc8 {[%emt 0:13:19]} Raxc8 {[%emt 0:00:33]} 24. Bh3 {[%emt 0:00:09]} Rfe8 {[%emt 0:05:04]} 25. b4 {[%emt 0:03:59]} axb4 {[%emt 0:00:28]} 26. axb4 {[%emt 0:00:05]} b5 {[%emt 0:03:34]} 27. Nd2 {[%emt 0:02:38]} Nb6 {[%emt 0:00:38]} 28. Ne4 {[%emt 0:00:08]} Rc7 {[%emt 0:01:30]} 29. Ra1 {[%emt 0:08:12]} Bc8 {[%emt 0:01:32]} 30. Nd6 {[%emt 0:00:12]} Ree7 {[%emt 0:00:05]} 31. Rec1 {[%emt 0:01:54]} f5 {[%emt 0:00:40]} 32. Bg2 {[%emt 0:00:37]} Red7 {[%emt 0:00:36]} 33. Nxc8 {[%emt 0:00:25]} Nxc8 {[%emt 0:01:05]} 34. Rxc6 {[%emt 0:03:23]} Rxc6 {[%emt 0:00:11]} 35. Bxc6 {[%emt 0:00:04]} Rc7 {[%emt 0:00:33]} 36. Bxb5 {[%emt 0:00:41]} Nb6 {[%emt 0:00:05]} 37. Bd3 {[%emt 0:01:27]} Rb7 {[%emt 0:00:15]} 38. b5 {[%emt 0:02:02]} Nd5 {[%emt 0:00:11]} 39. f3 {[%emt 0:03:35]} Nb6 {[%emt 0:00:20]} 40. Rc1 {[%emt 0:00:41]} Kf7 {[%emt 0:00:03]} 41. Kf2 Kf6 42. Rc6 {[%emt 0:00:22]} Nd5 {[%emt 0:00:09]} 43. Bc4 {[%emt 0:00:32]} Nc7 {[%emt 0:00:15]} 44. b6 {[%emt 0:00:11]} Na8 {[%emt 0:00:06]} 45. Rxe6+ {[%emt 0:00:21]} Kg5 {[%emt 0:00:05]} 46. f4+ Kg4 {[%emt 0:00:02]} 47. Bb3 {[%emt 0:03:46]} Rxb6 48. Rxb6 Nxb6 49. d5 {[%emt 0:00:06]} Nd7 {[%emt 0:00:02]} 50. Kg2 {[%emt 0:00:09]} Nc5 {[%emt 0:00:00]} 51. Bc2 {[%emt 0:00:01]} Kh5 {[%emt 0:00:01]} 52. h3 {[%emt 0:00:04]} Kg6 {[%emt 0:00:02]} 53. Kf3 {[%emt 0:00:01]} Kf6 {[%emt 0:00:00]} 54. Ke3 {[%emt 0:00:01]} Ke7 {[%emt 0:00:01]} 55. Kd4 {[%emt 0:00:01]} Nd7 56. Bxf5 {[%emt 0:00:03]} Nf8 {[%emt 0:00:03]} 57. e4 {[%emt 0:00:01]} g6 {[%emt 0:00:01]} 58. Bc8 {[%emt 0:00:02]} Kd8 {[%emt 0:00:00]} 59. Ba6 {[%emt 0:00:01]} Nd7 {[%emt 0:00:02]} 60. e5 {[%emt 0:00:01]} Nb8 {[%emt 0:00:00]} 61. Bb5 Ke7 62. d6+ {[%emt 0:00:02]} Ke6 {[%emt 0:00:03]} 63. Bc4+ {[%emt 0:00:01]} Kd7 {[%emt 0:00:00]} 64. Kd5 {[%emt 0:00:02]} g5 {[%emt 0:00:06]} 65. e6+ {[%emt 0:00:00]} Kd8 {[%emt 0:00:01]} 66. e7+ {[%emt 0:00:02]} Ke8 {[%emt 0:00:01]} 67. Bb5+ Nd7 68. Ke6 {[%emt 0:00:02]} g4 {[%emt 0:00:04]} 69. Bxd7# 1-0

[Event "40th Eastman Open Ghent"]
[Site "Ghent"]
[Date "2017.07.18"]
[Round "7"]
[White "Lacrosse, Marc"]
[Black "Van Beers, Eddy"]
[Result "1/2-1/2"]
[WhiteElo "2185"]
[BlackElo "2312"]
[Annotator "NA"]
[PlyCount "72"]
[EventDate "2017.??.??"]
[EventType "swiss"]
[EventCountry "BEL"]
[SourceTitle "playchess.com"]
[Source "ChessBase"]
[SourceQuality "1"]
[TimeControl "7200"]

1. d4 {[%emt 0:03:20]} Nf6 {[%emt 0:00:10]} 2. c4 {[%emt 0:00:04]} c5 {[%emt 0:00:07]} 3. d5 {[%emt 0:00:46]} b5 {[%emt 0:00:26]} 4. cxb5 {[%emt 0:01:23]} a6 {[%emt 0:00:04]} 5. e3 {[%emt 0:00:49]} axb5 {[%emt 0:01:06]} 6. Bxb5 {[%emt 0:00:13]} Qa5+ {[%emt 0:00:35]} 7. Nc3 {[%emt 0:00:06]} Bb7 {[%emt 0:00:11]} 8. Bd2 {[%emt 0:01:11]} Qb6 {[%emt 0:06:32]} 9. Nf3 {[%emt 0:01:35]} Nxd5 {[%emt 0:02:34]} 10. a4 {[%emt 0:01:33]} e6 {[%emt 0:04:03]} 11. O-O {[%emt 0:02:12]} Be7 {[%emt 0:01:56]} 12. Nxd5 {[%emt 0:11:15]} (12. e4 $5 {[%cal Re4d5]} Nxc3 13. Bxc3 $14) 12... Bxd5 {[%emt 0:01:51]} 13. Bc3 {[%emt 0:05:15]} O-O {[%emt 0:14:48] LiveBook: 18 Games} 14. Ne5 {[%emt 0:15:56]} f6 {[%emt 0:12:08]} 15. Nc4 $11 {[%emt 0:16:27]} (15. e4 $5) 15... Qb7 {[%emt 0:15:47]} 16. Qg4 {[%emt 0:07:25]} Rf7 {[%emt 0:08:56]} 17. Rfd1 {[%emt 0:07:06]} f5 {[%emt 0:13:45]} 18. Qg3 {[%emt 0:02:17]} Bxc4 {[%emt 0:00:56]} 19. Bxc4 {[%emt 0:00:07]} d5 {[%emt 0:00:13]} 20. Qf3 {[%emt 0:07:07]} Qc6 {[%emt 0:16:16]} 21. Rxd5 {[%emt 0:07:53]} exd5 {[%emt 0:00:34]} 22. Bxd5 {[%emt 0:00:07]} Rxa4 {[%emt 0:00:12]} 23. Bxf7+ {[%emt 0:08:01]} Kxf7 {[%emt 0:00:44]} 24. Qxf5+ {[%emt 0:02:18]} Kg8 {[%emt 0:07:36]} 25. Rxa4 {[%emt 0:00:45]} Qxa4 {[%emt 0:00:06]} 26. Qe6+ {[%emt 0:00:31]} Kf8 {[%emt 0:00:18]} 27. Bxg7+ {[%emt 0:00:28]} Kxg7 {[%emt 0:00:33]} 28. Qxe7+ {[%emt 0:00:05]} Kg6 {[%emt 0:01:54]} 29. Qe6+ {[%emt 0:02:35]} Kg7 {[%emt 0:00:06]} 30. Qe5+ {[%emt 0:00:13]} Kg6 {[%emt 0:00:15]} 31. h4 {[%emt 0:00:50]} Qd1+ {[%emt 0:00:14]} 32. Kh2 {[%emt 0:00:07]} Nd7 {[%emt 0:00:02]} 33. Qe4+ {[%emt 0:01:32]} Kg7 {[%emt 0:00:06]} 34. Qe7+ {[%emt 0:01:15]} Kg6 {[%emt 0:00:02]} 35. Qe4+ {[%emt 0:00:46]} Kg7 {[%emt 0:00:02]} 36. Qe7+ {[%emt 0:01:15]} Kg6 {[%emt 0:00:02]} 1/2-1/2

[Event "40th Eastman Open Ghent"]
[Site "Ghent"]
[Date "2017.07.18"]
[Round "7"]
[White "Kitze, Alexander"]
[Black "Harakis, Alexis M"]
[Result "1/2-1/2"]
[WhiteElo "2177"]
[BlackElo "2284"]
[Annotator "NA"]
[PlyCount "97"]
[EventDate "2017.??.??"]
[EventType "swiss"]
[EventCountry "BEL"]
[SourceTitle "playchess.com"]
[Source "ChessBase"]
[SourceQuality "1"]
[TimeControl "7200"]

1. Nf3 {[%emt 0:00:28]} d5 {[%emt 0:08:27]} 2. d4 {[%emt 0:00:35]} c6 {[%emt 0:00:52]} 3. g3 {[%emt 0:00:16]} Bf5 {[%emt 0:01:13]} 4. Bg2 {[%emt 0:00:08]} e6 {[%emt 0:00:41]} 5. O-O {[%emt 0:00:21]} Nf6 {[%emt 0:00:42]} 6. c4 {[%emt 0:02:00]} Nbd7 {[%emt 0:03:29]} 7. b3 {[%emt 0:02:56]} Be7 {[%emt 0:00:47]} 8. Bb2 {[%emt 0:01:30]} O-O {[%emt 0:00:08]} 9. Nbd2 {[%emt 0:02:30]} Ne4 {[%emt 0:00:10]} 10. Ne1 {[%emt 0:15:09] LiveBook: 8 Games D11: Slav Defence: 3 Nf3 sidelines and 3...Nf6 4 e3 Bg4} (10. Nxe4 Bxe4 11. Nd2 Bxg2 12. Kxg2 Re8 13. Rc1 a5 14. a3 h6 15. e3 Bf6 16. b4 a4 17. e4 dxe4 18. Nxe4 Be7 {½-½ (32) Mecking,H (2606)-Cubas,J (2469) Florianopolis 2017}) 10... a5 {[%emt 0:30:00]} 11. Nd3 {[%emt 0:04:52]} Nxd2 {[%emt 0:02:37]} (11... a4 $5) 12. Qxd2 {[%emt 0:00:07]} dxc4 $146 {[%emt 0:00:33]} (12... Bf6 $11 {remains equal.}) ({Predecessor:} 12... Qb6 13. c5 Qb5 14. Rad1 b6 15. cxb6 Rfb8 16. Nc5 Nxc5 17. dxc5 Bxc5 {0-1 (101) Przezdziecka,M (2286)-Rajlich,I (2406) Chorzow 2013}) 13. bxc4 {[%emt 0:00:19]} a4 {[%emt 0:07:33]} 14. e4 {[%emt 0:04:46]} Bg6 {[%emt 0:00:04]} 15. Rac1 {[%emt 0:03:55]} a3 {[%emt 0:12:08]} 16. Ba1 {[%emt 0:00:59]} e5 {[%emt 0:04:07]} 17. d5 $14 {[%emt 0:03:09]} f6 {[%emt 0:00:17]} 18. f4 {[%emt 0:08:00]} Nc5 {[%emt 0:07:57]} 19. fxe5 {[%emt 0:21:13]} fxe5 {[%emt 0:00:08]} 20. Nxe5 {[%emt 0:02:38]} Bxe4 {[%emt 0:00:54]} 21. Rxf8+ {[%emt 0:01:28]} Bxf8 {[%emt 0:00:15]} 22. Bxe4 {[%emt 0:01:02]} Nxe4 {[%emt 0:00:06]} 23. Qf4 {[%emt 0:01:23]} Nf6 {[%emt 0:04:19]} 24. Ng4 {[%emt 0:04:18]} Qb6+ {[%emt 0:15:48]} 25. Kg2 {[%emt 0:05:00]} Nxg4 {[%emt 0:00:06]} 26. Qxg4 {[%emt 0:00:03]} cxd5 {[%emt 0:00:17]} 27. cxd5 {[%emt 0:01:04]} Qd6 {[%emt 0:00:11]} 28. Qf3 {[%emt 0:01:02]} Rd8 {[%emt 0:00:36]} 29. Rd1 {[%emt 0:00:25]} Qg6 {[%emt 0:00:45]} 30. Rd2 {[%emt 0:01:14]} Bc5 {[%emt 0:00:08]} 31. Be5 {[%emt 0:01:13]} Rf8 {[%emt 0:00:12]} 32. Bf4 {[%emt 0:00:40]} Bd6 {[%emt 0:00:11]} 33. Qd3 {[%emt 0:00:16]} Qxd3 {[%emt 0:01:57]} 34. Rxd3 {[%emt 0:00:05]} Bxf4 {[%emt 0:00:04]} 35. gxf4 {[%emt 0:00:10]} Ra8 {[%emt 0:00:11]} 36. Rb3 {[%emt 0:02:09]} Ra5 {[%emt 0:00:18]} 37. Kf3 {[%emt 0:00:16]} Rxd5 {[%emt 0:00:32]} 38. Rxa3 {[%emt 0:00:06]} Kf7 {[%emt 0:00:40]} 39. Rb3 {[%emt 0:00:38]} b5 {[%emt 0:00:19]} 40. Rb4 {[%emt 0:00:08]} Kg6 {[%emt 0:02:55]} 41. a4 {[%emt 0:00:44]} bxa4 {[%emt 0:00:04]} 42. Rxa4 {[%emt 0:00:02]} Rd3+ {[%emt 0:00:07]} 43. Kg4 {[%emt 0:00:52]} h5+ {[%emt 0:00:28]} 44. Kh4 {[%emt 0:00:05]} Rd2 {[%emt 0:01:15]} 45. h3 {[%emt 0:00:23]} Rd3 {[%emt 0:00:58]} 46. Ra5 {[%emt 0:00:19]} Rf3 {[%emt 0:00:21]} 47. Rg5+ {[%emt 0:00:32]} Kf6 {[%emt 0:00:04]} 48. Rxh5 {[%emt 0:00:16]} Rxf4+ {[%emt 0:00:03]} 49. Kg3 {[%emt 0:00:15]} 1/2-1/2

[Event "40th Eastman Open Ghent"]
[Site "Ghent"]
[Date "2017.07.18"]
[Round "8"]
[White "Epishin, Vladimir"]
[Black "Lacrosse, Marc"]
[Result "1-0"]
[WhiteElo "2541"]
[BlackElo "2185"]
[Annotator "TA"]
[PlyCount "83"]
[EventDate "2017.??.??"]
[EventType "swiss"]
[EventCountry "BEL"]
[SourceTitle "playchess.com"]
[Source "ChessBase"]
[SourceQuality "1"]

{[%evp 28,83,34,10,42,8,15,20,10,-2,18,0,21,18,22,25,24,-2,18,0,12,4,45,11,33,36,96,0,6,0,0,0,21,7,0,0,3,0,0,-6,0,0,0,0,0,-4,0,-54,-8,-19,0,-124,-125,-162,-63,-141,0,-51]} 1. d4 d5 2. c4 e6 3. Nc3 Nf6 4. cxd5 exd5 5. Bg5 c6 6. e3 Nbd7 7. Bd3 Be7 8. Qc2 O-O 9. Nf3 Re8 10. h3 Nf8 11. Bf4 Bd6 12. Bxd6 Qxd6 13. O-O-O Be6 14. Kb1 {D36: Queen's Gambit Declined: Exchange Variation: Main line (5 Bg5 c6 6 Qc2)} Rac8 15. Rc1 {LiveBook: 24 Games} N6d7 (15... Ne4 16. Bxe4 dxe4 17. Ng5 f5 18. Nxe6 Qxe6 19. g4 fxg4 20. hxg4 c5 21. d5 Qxg4 {1-0 (33) Laznicka,V (2681)-Blagojevic,D (2516) Valjevo 2011}) 16. Ng5 {[%cal Rd3h7] White is slightly better.} h6 17. Nxe6 Nxe6 18. Rhd1 b5 $146 {[%cal Bb7b5,Bb5b4][%mdl 32]} ({Predecessor:} 18... Rcd8 19. Bh7+ Kh8 20. e4 dxe4 21. Nxe4 Qd5 {0-1 (63) Stromer,A (2300)-Leriche,E (2235) Bordeaux 1990}) 19. h4 a6 20. g4 c5 21. dxc5 Rxc5 22. Qd2 Nb6 (22... b4 $5 {[%cal Rb4c3]} 23. Na4 Rxc1+ 24. Rxc1 Nf6 $11) 23. f4 (23. Bc2 $5 {[%cal Rc3e4]}) 23... b4 24. Ne2 a5 25. g5 hxg5 26. hxg5 Rec8 (26... g6 $14) 27. g6 (27. Rh1 $16) 27... Rxc1+ $11 28. Nxc1 fxg6 29. Rg1 Nf8 30. Ne2 Nc4 31. Bxc4 $1 Rxc4 32. Rg5 Rc5 33. e4 {[%cal Rg5d5]} Nd7 $36 {[%mdl 2048] White is under pressure.} 34. e5 Qa6 35. Qd1 a4 36. Nd4 Rc4 37. Rg1 (37. Nf5 $11 Rxf4 38. Qxd5+ Kh7 39. Qh1+ Kg8 40. Qd5+ Kh7 41. Qh1+ Kg8 42. Qd5+) 37... Qb6 38. Ne2 Qc6 39. Qd3 (39. Nd4 $11 {keeps the balance.} Qb6 40. Ne2) 39... Nc5 $17 40. Qe3 Ne4 (40... Qc8 $19 41. Nd4 a3 $1 {[%mdl 512]}) 41. Rd1 ({Better is} 41. Qa7 $1 $15) 41... Qc5 (41... Rc2 $17 {White must now prevent ...a3!} 42. Rxd5 {[#]} Rxb2+ $1 {[%mdl 512]} 43. Kxb2 Qxd5) 42. Qd3 {[%mdl 32768] Precision: White = 24%, Black = 39%. . Loss on Time!?} (42. Qh3 $1 $11 Qc6 43. Qd3) 1-0

[Event "40th Eastman Open Ghent"]
[Site "Ghent"]
[Date "2017.07.18"]
[Round "8"]
[White "Dgebuadze, Alexandre"]
[Black "Sadkowski, Daniel"]
[Result "1-0"]
[WhiteElo "2524"]
[BlackElo "2243"]
[Annotator "TA"]
[PlyCount "65"]
[EventDate "2017.??.??"]
[EventType "swiss"]
[EventCountry "BEL"]
[SourceTitle "playchess.com"]
[Source "ChessBase"]
[SourceQuality "1"]

{[%evp 15,65,23,18,27,27,11,10,17,16,18,43,33,41,40,33,35,43,43,41,39,40,40,77,73,75,73,78,68,75,70,92,75,93,43,73,11,29,6,39,52,93,7,56,0,147,127,198,113,187,189,179,178]} 1. e4 e5 2. Bc4 Nf6 3. d3 c6 4. Nf3 Be7 5. Bb3 O-O 6. O-O d6 7. c3 Nbd7 8. Re1 Nc5 9. Bc2 {C24: Bishop's Opening: 2...Nf6} Bg4 10. h3 Bh5 11. Nbd2 {The position is equal.} Ne6 12. Nf1 Bxf3 $146 ({Predecessor:} 12... Nd7 13. g4 Bg6 14. Ng3 Ng5 15. Bxg5 Bxg5 16. d4 Bf4 17. Ne2 Qf6 18. Kg2 exd4 19. Nfxd4 {1-0 (33) Carlsen,M (2840)-Wei,Y (2706) Wijk aan Zee 2017}) 13. Qxf3 Ne8 14. Be3 Bg5 15. Rad1 Qf6 16. Qxf6 Nxf6 17. d4 Bxe3 18. Nxe3 Nf4 19. Nc4 exd4 20. Nxd6 dxc3 21. bxc3 b5 22. Bb3 a6 23. Kh2 Ra7 24. g3 Ne6 25. a3 ({Better is} 25. e5 $16 Nd5 26. Bxd5 cxd5 27. Rxd5) 25... Nc5 $11 26. Ba2 Na4 27. Re3 $36 {[%mdl 2048] White is more active.} Rd7 28. Rf3 ({White should play} 28. e5 $16 Nd5 29. Bxd5 cxd5 30. Rxd5) 28... Nb6 {White should prevent ...Nxe4!} ({But not} 28... Nxe4 $6 29. Nxf7 $1 {[%mdl 512]} Rd5 30. Bxd5 $16) 29. Rdd3 (29. e5 $14 Nfd5 30. c4 bxc4 31. Nxc4) 29... Re7 (29... c5 $11) 30. Nxf7 $1 $16 c5 {[#]} (30... Rexf7 $16 {was necessary.} 31. Bxf7+ Kxf7) 31. Nh6+ $1 $18 Kh8 {[#]} 32. e5 $1 {[%cal Re5f6][%mdl 512]} gxh6 (32... Rxe5 33. Nf7+) 33. Rxf6 {Precision: White = 56%, Black = 47%.} 1-0

[Event "40th Eastman Open Ghent"]
[Site "Ghent"]
[Date "2017.07.18"]
[Round "8"]
[White "Kovalev, Andrei"]
[Black "Chatalbashev, Boris"]
[Result "1/2-1/2"]
[WhiteElo "2517"]
[BlackElo "2552"]
[Annotator "TA"]
[PlyCount "38"]
[EventDate "2017.??.??"]
[EventType "swiss"]
[EventCountry "BEL"]
[SourceTitle "playchess.com"]
[Source "ChessBase"]
[SourceQuality "1"]

{[%evp 21,38,9,22,0,0,0,3,10,10,8,18,-10,-10,-33,-33,-62,35,-19,0]} 1. e4 g6 2. d4 Bg7 3. Nf3 d6 4. Nc3 Nf6 5. Be2 O-O 6. O-O Bg4 7. Be3 Nc6 8. h3 Bxf3 9. Bxf3 e5 10. dxe5 dxe5 11. Qxd8 {B08: Pirc Defence: Classical System} (11. Nb5 a6 12. Na3 Nd4 13. Nc4 Nxf3+ 14. Qxf3 Qe7 15. Rfd1 Qe6 16. b3 Qc6 17. Nxe5 Qxe4 18. Bd4 Rfe8 19. Qxe4 Nxe4 {0-1 (65) Swiercz,D (2646)-Ivanchuk,V (2710) Doha 2015}) 11... Rfxd8 {LiveBook: 3 Games} 12. Ne2 Nd4 $146 ({Predecessor:} 12... Nd7 13. Rfd1 {½-½ (13) Kovalev,A (2540)-Lagno,K (2417) Alushta 2003}) 13. Nxd4 exd4 14. Bg5 {e5 is the strong threat.} h6 15. Bf4 Nd7 16. Bxc7 Rdc8 17. Bd6 Rxc2 18. Rac1 Rcc8 (18... Rac8 $15 19. Rxc2 Rxc2) 19. Ra1 ({White should try} 19. Be2 $14) 19... Re8 1/2-1/2

[Event "40th Eastman Open Ghent"]
[Site "Ghent"]
[Date "2017.07.18"]
[Round "8"]
[White "Docx, Stefan"]
[Black "Hunt, Adam C"]
[Result "1-0"]
[WhiteElo "2427"]
[BlackElo "2424"]
[Annotator "TA"]
[PlyCount "149"]
[EventDate "2017.??.??"]
[EventType "swiss"]
[EventCountry "BEL"]
[SourceTitle "playchess.com"]
[Source "ChessBase"]
[SourceQuality "1"]

{[%evp 9,149,0,0,0,10,-14,-9,-11,-19,-11,-10,-28,-10,-25,-24,-34,0,0,-9,-12,-9,0,15,-19,-12,-27,0,-109,-124,-260,-255,-332,-102,-193,-184,-195,-194,-203,-123,-115,-122,-184,-175,-166,-158,-335,-320,-726,-699,-685,-691,-979,-363,-653,-495,-452,-381,-430,-391,-336,-117,-99,-112,-106,-79,-90,-73,-84,-69,-107,-16,-8,-12,-316,-12,-123,0,0,0,0,0,0,0,0,0,0,0,0,0,0,0,0,118,118,118,118,118,118,174,0,0,0,0,0,0,0,0,0,0,0,0,0,0,0,0,0,0,0,0,0,31,0,0,0,0,0,0,0,0,0,0,0,0,0,0,0,0,0,0,0,0,0]} 1. d4 Nf6 2. Bf4 g6 3. Nc3 d5 (3... Bg7 4. e4 d5 5. e5 Ne4 6. Na4 c5 7. c3 cxd4 8. f3 Nxc3 9. bxc3 Qa5 10. Qxd4 Nc6 11. Qd1 Nxe5 {0-1 (90) Bacrot,E (2708)-Vachier Lagrave,M (2796) Paris 2017}) 4. e3 Bg7 5. h4 c6 6. Nf3 {A45: Trompowsky Attack} Qb6 7. Rb1 Bg4 $146 ({Predecessor:} 7... Bf5 8. Be2 Nbd7 9. Ne5 h5 10. f3 Be6 11. Qd2 Kf8 12. b4 Nxe5 13. Bxe5 {1-0 (53) Soozankar,A (2225)-Grigoriev,A (2314) Izmir 2008}) 8. Be2 Nbd7 9. Ne5 Bxe2 10. Qxe2 Nxe5 11. Bxe5 O-O 12. b4 Nd7 13. Bxg7 Kxg7 14. h5 e5 15. Qg4 exd4 16. Ne2 Nf6 17. Qh4 {Threatening mate with h6+.} c5 (17... Qd8 $5 {[%cal Rd4e3]} 18. Qxd4 (18. hxg6 fxg6 19. Nxd4 Qd7 $15) 18... Re8 $11) 18. exd4 (18. h6+ $11 {keeps the balance.} Kg8 19. O-O) 18... cxb4 $17 19. f3 (19. hxg6 $17 fxg6 20. O-O) 19... Rfe8 $19 {Threatens to win with ...Qa6.} (19... Nxh5 20. g4 $19) (19... gxh5 20. O-O $17) 20. hxg6 fxg6 $2 (20... Qa6 $19 {[%csl Ge8][%cal Ra6e2] has better winning chances.} 21. Qh6+ Kg8 22. gxh7+ Kh8) 21. Kf2 (21. Qh6+ $17 {was necessary.} Kg8 22. Qd2) 21... Rac8 22. Qh6+ Kg8 23. Qd2 a5 24. c3 {[%cal Rc3b4]} Rf8 25. Qd3 (25. Kg1 $17) 25... Qd6 $36 {[%mdl 2048] Keeping White busy.} 26. cxb4 axb4 27. Rbc1 $2 (27. Kg1 $17 {keeps fighting.}) 27... Ra8 28. Rc2 $2 (28. Qc2) 28... Ra3 29. Qb5 Qe7 30. Kg3 {White hopes to continue with Kh2.} Re3 $2 (30... Ne4+ 31. Kh2 Qh4+ 32. Kg1 Qf2+ 33. Kh2 Nf6) 31. Rh3 $2 (31. Rf1 Ne4+ 32. Kh2) 31... Re8 {[%cal Re3e2]} 32. Kf2 Ra3 33. Kg1 b3 34. axb3 Qe3+ $2 (34... Ra1+ $19 35. Kh2 Qd6+ 36. g3 Qe7) 35. Kh2 $17 Rxb3 36. Qc5 Rb1 37. Qd6 Qe6 38. Qxe6+ Rxe6 39. g4 b5 (39... Rd1 $17 40. Kg2 Re3) 40. Nf4 $11 Ree1 {...b4 is the strong threat.} 41. Rc6 $2 {[%mdl 8192]} (41. Rc8+ $11 {and White is okay.} Kf7 42. Rc7+ Ke8 43. g5 Rb2+ 44. Kg3 Rg1+ 45. Kh4) 41... Kf7 $2 ({Better is} 41... Rb2+ $19 42. Ng2 Ree2) 42. g5 {[#]} (42. Rc7+ $11 Ke8 43. g5 Rb2+ 44. Kg3 Rg1+ 45. Kh4) 42... Nh5 ({Black should play} 42... Rb2+ $1 $17 43. Kg3 Rg1+ 44. Kh4 Ne8) 43. Nxh5 gxh5 {[%mdl 4096] Endgame KRR-KRR} 44. Kg3 Rh1 45. Rxh1 Rxh1 {KR-KR} 46. Rb6 Rd1 47. Rxb5 Rxd4 48. f4 h4+ 49. Kg4 h3 50. Rb3 Kg6 (50... h2 $11 {remains equal.} 51. Rh3 Rd2) 51. Rxh3 $16 Rd1 {[#]} 52. Rh6+ $1 Kg7 53. Rd6 d4 (53... Rd4 $16 54. Kf5 Kf7 55. Rf6+ Kg7) 54. f5 $2 ({White should try} 54. Kf5 $18 {Black must now prevent Rd7+.} Rb1 55. Rd7+ (55. Rxd4 Rb7 $18) 55... Kg8 56. Rxd4) 54... d3 $11 55. Rd7+ Kg8 56. Rd8+ Kg7 57. f6+ Kf7 58. Rd7+ Kg8 59. Kf3 d2 60. Ke2 $1 {[%csl LRd1,LRd2]} Rg1 61. Rg7+ (61. Kxd2 $5 {[%cal Rd7g7]} Rxg5 62. Rb7 $11) 61... Kf8 62. Kxd2 {Hoping for Ke3.} Rg3 63. Ke2 (63. g6 $5 hxg6 64. Ke2 $11) 63... Rh3 64. Kf2 Rh5 65. Kg3 {Strongly threatening Kg4.} h6 {The position is equal.} 66. g6 (66. Kf4 $5 {[%cal Rg5g6]} Rxg5 67. Rh7 $11 (67. Rxg5 hxg5+ 68. Kxg5 Kf7 $11)) 66... Rf5 67. Rf7+ Kg8 68. Kh4 Rg5 69. Rg7+ (69. Rd7 $5 {[%cal Rd7d8]} Rxg6 70. Rd8+ Kf7 71. Rd7+ Kxf6 72. Rd6+ Kg7 73. Rxg6+ Kxg6 74. Kh3 $11) 69... Kf8 70. Kh3 Rg1 71. Kh2 Rg5 72. Kh3 Rf5 73. Rf7+ Kg8 74. Kg4 (74. Ra7 $5 {[%cal Ra7a8]} Rxf6 75. Kh4 $11) 74... Rg5+ 75. Kf4 {[%mdl 32768] Precision: White = 36%, Black = 57%. . Sensor Board Error (Ke4/e5)?} 1-0